Online
Catalog
Normal view MARC view

Entry Nombre corporativo

Number of records used in: 2

001 - NÚMERO DE CONTROL

  • campo de control: 21359

003 - IDENTIFICADOR DEL NÚMERO DE CONTROL

  • campo de control: OSt

005 - FECHA Y HORA DE LA ÚLTIMA TRANSACCIÓN

  • campo de control: 20200615032744.0

008 - DATOS DE LONGITUD FIJA

  • campo de control de longitud fija: 200615|| aca||aabn | a|a d

040 ## - FUENTE DE LA CATALOGACIÓN

  • Centro catalogador/agencia de origen: OSt
  • Centro/agencia transcriptor: OSt

110 ## - ENCABEZAMIENTO-NOMBRE DE ENTIDAD CORPORATIVA

  • Nombre de entidad corporativa o nombre de jurisdicción como elemento de entrada: BANCO CENTRAL DE LA REPÚBLICA DOMINICANA
  • Subdivisión general: RESEÑA DE LIBROS
  • Subdivisión de forma: CATÁLOGOS

670 ## - FUENTE DE DATOS ENCONTRADOS

  • Cita de la fuente: Work cat.: (OSt)7479: Alcántara Almánzar, José, 1946 - 215, Catálogo de la colección del Banco Central /, 2008

Powered by Koha